00795naa a22002297a 4500001001000000003000900010005001700019007000300036008003400039040005400073041000900127072003100136100002000167111006300187245005000250260003400300500009300334650002100427650001000448650001700458773009000475BR7303437BR-BrBNA20240918173454.0ta230509b bl.||||| |||| 00| 0 por d aBR-BrBNAbporcBiblioteca Nacional de Agricultura a(Pt) aF00; E10b2110b2040bG5141 aPereira, R.J.C.1 a4. Semana do FazendeirocUrucuca, BA (Brazil)d23 Sep 19681 aCorrecao de sombreamento em cacauais [Brasil]3 aIlheus, BA (Brasil): c1968.  aAgenda da 4. Semana do Fazendeiro Ilheus, BA (Brasil): 1968. p. 74-77 (BR7303437-AM)F00  aPRODUCAO VEGETAL aCACAU aSOMBREAMENTO0 tAgenda da 4. Semana do FazendeirowF00 BR7303437gIlheus, BA (Brasil), 1968. p. 74-77